[Event "FIDE World Cup"]
[Site "Tbilisi"]
[Date "2017.09.15"]
[Round "5.1"]
[White "Svidler, Peter"]
[Black "Vachier Lagrave, Maxime"]
[Result "1/2-1/2"]
[WhiteElo "2751"]
[BlackElo "2789"]
[Annotator "Sagar Shah"]
[PlyCount "81"]
[EventDate "2017.09.03"]
[EventType "k.o."]
[EventRounds "7"]
[EventCountry "GEO"]
[SourceTitle "CBM 181"]
[Source "ChessBase"]
[SourceDate "2017.11.10"]
[SourceVersion "1"]
[SourceVersionDate "2017.11.10"]
[SourceQuality "1"]

{Peter Svidler and MVL have a very similar opening repertoire, both of course,
being huge opening experts. So when they sat at the board it was realyl a
battle of choosing the line in which the opponent would feel the most
uncomfortable.} 1. c4 {[%emt 0:00:00]} c5 {[%emt 0:01:20]} 2. Nf3 {[%emt 0:02:
41] Peter played this move after quite some thought.} Nf6 {[%emt 0:00:06]} 3.
Nc3 {[%emt 0:03:14]} d5 {[%emt 0:00:09]} 4. cxd5 {[%emt 0:00:17]} Nxd5 {
[%emt 0:00:04]} 5. e4 {[%emt 0:05:18] As Svidler said, White has many options
at this point. He went for the one that would be the most uncomfortable for
Maxime.} Nb4 {[%emt 0:00:06]} 6. Bc4 {[%emt 0:00:04]} Nd3+ {[%emt 0:00:06]} 7.
Ke2 {[%emt 0:00:04]} Nf4+ {[%emt 0:00:06]} 8. Kf1 {[%emt 0:00:06]} Ne6 {
[%emt 0:01:10] This knight diamond movement is quite well known now. Black
makes all of these knight moves in the hope that he would be able to
capitalise on the weakness of the d4 square.} 9. h4 $5 {[%emt 0:04:41] Why
would someone make a move like this? What is the point? The main idea of this
move is to stop Black from playing ...g6.} (9. b4 {is one of the main moves.})
(9. d3 {can be met with a move like ...Nc6 followed by ...g6 putting all the
resources on the d4-square.} g6 $11) 9... Nd4 {[%emt 0:04:38]} (9... Nc6 {
is also possible.}) (9... g6 {The main advantage of the move h4. That ...g6 is
no longer possible.} 10. h5 $1 $16) 10. d3 {[%emt 0:03:29]} Nbc6 {[%emt 0:01:
20]} 11. Nb5 {[%emt 0:00:14]} Be6 {[%emt 0:06:38] After the game Maxime said
that this entire plan with ...Be6 and taking on b5 was played pretty quickly
by him and he didn't like what he did.} 12. Bf4 {[%emt 0:10:03]} Nxb5 $6 {
[%emt 0:02:10]} 13. Bxb5 {[%emt 0:00:52]} Qb6 {[%emt 0:00:32]} 14. Ba4 {
[%emt 0:03:25]} (14. Qa4 Bd7 $5 $11) 14... Qa6 {[%emt 0:16:54]} (14... Qxb2 $2
15. Rb1 Qxa2 16. Rxb7 $18) (14... Bg4 {This was Maxime's main idea. So that he
can now play ...e6, ...Be7, ...0-0 and finish his development. But he had
missed something in the line starting with} 15. b4 $1 e6 (15... cxb4 16. Rc1 {
seems to give White good compensation, but I would say Black's position looks
fine.}) 16. b5 $1 {This was the move that MVL had missed.} Nd4 17. Bc7 $3 $18 {
and it's game over.}) 15. Rc1 {[%emt 0:08:45]} b5 {[%emt 0:07:04]} 16. Bb3 {
[%emt 0:00:24]} Bxb3 {[%emt 0:00:05]} 17. Qxb3 {[%emt 0:00:05]} e6 {[%emt 0:00:
16]} 18. Be3 {[%emt 0:00:54] The c5-pawn is very weak. At this point I think
Svidler had every right to believe that his position was very pleasant.} Na5 {
[%emt 0:03:08]} 19. Qc3 {[%emt 0:04:12]} b4 {[%emt 0:04:05]} 20. Qc2 {[%emt 0:
02:02]} Nb7 {[%emt 0:00:08]} 21. Qc4 {[%emt 0:09:08]} Qxc4 {[%emt 0:03:46]} 22.
Rxc4 {[%emt 0:00:12] A queen exchange does not ease Black's situation.} Be7 {
[%emt 0:00:09]} 23. Ke2 {[%emt 0:01:57]} O-O {[%emt 0:02:30]} 24. Nd2 $1 $16 {
[%emt 0:04:54] The knight comes to b3 and the other rook to c1. It looks
really bad for MVL.} Rfc8 {[%emt 0:04:35]} 25. Nb3 {[%emt 0:03:01]} a5 {
[%emt 0:00:17]} 26. a4 $5 {[%emt 0:00:57]} (26. Rhc1 {This is a natural move,
but now the h4-pawn is hanging.} Bxh4 27. Nxc5 Nxc5 28. Bxc5 $14 {White is
surely better as he has won the c5-pawn for the one on h4. However, Svidler
wanted more. He wanted to keep his h-pawn and then win the c5-pawn as well.})
26... bxa3 {[%emt 0:00:19]} 27. bxa3 {[%emt 0:00:08]} a4 {[%emt 0:00:28]} 28.
Nd2 {[%emt 0:03:40]} Nd6 {[%emt 0:02:21]} 29. Rxc5 {[%emt 0:03:13]} Rcb8 {
[%emt 0:00:03] Maxime is creating some threats of penetrating down the b-file.}
30. Rb1 $1 {[%emt 0:00:26]} Rxb1 {[%emt 0:00:12]} 31. Nxb1 {[%emt 0:00:08]}
Bxh4 {[%emt 0:00:06]} 32. Rc6 $6 {[%emt 0:00:57] Peter Svidler did not like
this move. He thought that it gave Black good chances to equalise.} (32. Rc7 $5
{Peter thought this was the better move after the game.}) (32. Nc3 $1 {is the
best. It doesn't create any threats yet, but White is just dominating.} Be7 33.
Rc7 $16 Bf8 34. Bc5 $16 {White has complete control.}) 32... Be7 {[%emt 0:01:
00]} 33. Bc5 {[%emt 0:05:24]} Nb5 $1 {[%emt 0:00:15] This is the move that
Svidler had missed.} 34. Ke3 {[%emt 0:00:08]} Kf8 {[%emt 0:05:38]} 35. Bxe7+ {
[%emt 0:03:49]} Kxe7 {[%emt 0:00:05]} 36. Rb6 {[%emt 0:00:11]} Nd6 {[%emt 0:01:
55]} 37. Nc3 $6 {[%emt 0:00:41] This is one of those moves that you make
naturally. Your knight is on the first rank and you want to develop it.
However, Svidler said after the game that stopping Black's ...h5 was important
and he should have gone g4.} (37. g4 $1 $14) 37... h5 $1 {[%emt 0:00:04] After
this Black has relatively lesser problems.} 38. f4 {[%emt 0:06:36]} (38. Rb4 f6
39. Rxa4 Rxa4 40. Nxa4 Nb5 $11) 38... f6 {[%emt 0:02:58]} 39. Nb5 {[%emt 0:07:
46]} Nxb5 {[%emt 0:01:24]} 40. Rxb5 {[%emt 0:00:00]} h4 {[%emt 0:00:05]} 41.
Rb7+ {[%emt 0:05:50] I have a feeling that White has a small edge here, some
slight pressure, but MVL had already passed the worst and the result would
most probably have been a draw, so the players saved themselves some energy.}
1/2-1/2

[Event "FIDE World Cup"]
[Site "Tbilisi"]
[Date "2017.09.17"]
[Round "5.4"]
[White "Svidler, Peter"]
[Black "Vachier Lagrave, Maxime"]
[Result "0-1"]
[WhiteElo "2756"]
[BlackElo "2804"]
[Annotator "Sagar Shah"]
[PlyCount "68"]
[EventDate "2017.09.03"]
[EventType "k.o."]
[EventRounds "7"]
[EventCountry "GEO"]
[SourceTitle "CBM 181"]
[Source "ChessBase"]
[SourceDate "2017.11.10"]
[SourceVersion "1"]
[SourceVersionDate "2017.11.10"]
[SourceQuality "1"]
[TimeControl "1500+10"]

1. c4 {[%emt 0:00:00]} c5 {[%emt 0:00:01]} 2. Nf3 {[%emt 0:00:00]} Nf6 {
[%emt 0:00:03]} 3. Nc3 {[%emt 0:00:00]} d5 {[%emt 0:00:02]} 4. cxd5 {[%emt 0:
00:00]} Nxd5 {[%emt 0:00:02]} 5. e4 {[%emt 0:00:00] The players continue their
debate in this topical line of the English.} Nb4 {[%emt 0:00:01]} 6. Bc4 {
[%emt 0:00:01]} Nd3+ {[%emt 0:00:04]} 7. Ke2 {[%emt 0:00:02]} Nf4+ {[%emt 0:00:
01]} 8. Kf1 {[%emt 0:00:01]} Ne6 {[%emt 0:00:02] I have always found this line
to be very interesting. One knight moves around the board for six out of the
first eight moves, and yet Black is doing absolutely fine.} 9. h4 {[%emt 0:00:
08] Peter believes in his preparation, just like MVL did in game one he sticks
to his opening.} Nd4 {[%emt 0:00:02]} 10. d3 {[%emt 0:00:04]} e6 {[%emt 0:00:
01] A new move.} ({In their first classical game of this match MVL had gone for
} 10... Nbc6 11. Nb5 Be6 12. Bf4 Nxb5 13. Bxb5 Qb6 14. Ba4 Qa6 15. Rc1 b5 16.
Bb3 Bxb3 17. Qxb3 e6 18. Be3 Na5 19. Qc3 b4 20. Qc2 Nb7 21. Qc4 $14 {1/2-1/2 
(41) Svidler,P (2756)-Vachier-Lagrave,M (2804) Tbilisi GEO 2017}) 11. Bf4 {
[%emt 0:04:21]} a6 {[%emt 0:01:09] Controlling the critical b5-square.} 12.
Nxd4 {[%emt 0:01:39]} cxd4 {[%emt 0:00:01]} 13. Ne2 {[%emt 0:00:07]} Nc6 {
[%emt 0:00:03] Already Black is to be preferred. If you were to keep the king
back on e1 and the pawn on h2, White's position would be preferable. But two
problems are just too much to rectify. It's not that White is worse. I just
feel that Black's moves are natural, while White's plans are not so easy to
find, at least in a rapid game.} 14. a3 {[%emt 0:00:39]} Bd6 {[%emt 0:01:08]}
15. Bxd6 {[%emt 0:01:15]} Qxd6 {[%emt 0:00:02]} 16. Qd2 {[%emt 0:00:46]} Bd7 {
[%emt 0:01:17]} 17. f4 {[%emt 0:00:39]} e5 {[%emt 0:00:25]} 18. f5 {[%emt 0:00:
14]} g6 {[%emt 0:01:15]} 19. Ng3 {[%emt 0:01:08]} Ne7 {[%emt 0:00:40]} 20. Qh6
{[%emt 0:00:54] As Peter said after the game, when he was chatting with MVL -
he didn't believe in this idea, but saw that it was interesting and went for
it.} O-O-O $1 {[%emt 0:00:19] The king will be well placed on b8.} 21. h5 {
[%emt 0:02:06]} Kc7 $3 {[%emt 0:03:08] "Kc7 was such a nasty move", were
Svidler's words after the game ended. In one stroke MVL is able to kill two
birds. First of all he is able to get his king off the eighth rank, so that
hxg6 ...hxg6 Qxh8 ...Rxh8 Rxh8 doesn't come with a check. And secondly the
queen on d6 is defended and gxf5 becomes possible. This move is easy to
dismiss, as one sees Rc1 and thinks that the king is misplaced on c7, but it
is not as MVL shows in the game.} 22. Bxf7 {[%emt 0:04:03]} (22. hxg6 hxg6 23.
Qxh8 Rxh8 24. Rxh8 gxf5 25. exf5 Nxf5 $19 {Black is just better.}) (22. Rc1 {
The key idea is revealed after this move.} gxf5 $1 {Black is absolutely
fearless against the discovered check.} 23. Bxf7+ Bc6 $15 {White has no way to
take advantage.}) 22... gxf5 {[%emt 0:00:47]} 23. Qxd6+ {[%emt 0:00:19]} (23.
Rc1+ Bc6 24. Qxd6+ Rxd6 25. Bb3 (25. exf5 Rf8 $17) 25... Rf8 26. Ke1 $15 {
might have been White's best chance.}) 23... Kxd6 {[%emt 0:00:02]} 24. exf5 {
[%emt 0:00:02]} Nxf5 {[%emt 0:00:35]} 25. Ne4+ {[%emt 0:01:12]} (25. Nxf5+ Bxf5
26. Ke2 Rd7 27. Bb3 Rg7 $19 {White is already in big trouble.}) 25... Ke7 {
[%emt 0:00:06]} 26. Bb3 {[%emt 0:00:01]} Ne3+ {[%emt 0:01:52] The knight on e3
is a monster.} 27. Ke2 {[%emt 0:00:10]} Bc6 {[%emt 0:01:03]} 28. Rac1 {[%emt 0:
01:49]} Rhf8 {[%emt 0:01:12]} 29. Rh3 {[%emt 0:02:07]} Nxg2 {[%emt 0:01:56]
With simple and strong moves, Black has a completely winning position. Now
Svidler becomes desperate.} 30. Rxc6 {[%emt 0:01:38]} bxc6 {[%emt 0:00:25]} 31.
Rg3 {[%emt 0:00:02]} Nf4+ {[%emt 0:00:02]} 32. Ke1 {[%emt 0:00:34]} Rb8 {
[%emt 0:00:52]} 33. Rg7+ {[%emt 0:00:30]} Kd8 {[%emt 0:00:01]} 34. Bf7 {
[%emt 0:00:57]} Rb7 {[%emt 0:00:15] An excellent game by MVL, particularly the
move 21...Kc7.} 0-1

[Event "London Classic 7th"]
[Site "London"]
[Date "2015.12.13"]
[Round "9"]
[White "Aronian, Levon"]
[Black "Vachier Lagrave, Maxime"]
[Result "1/2-1/2"]
[WhiteElo "2781"]
[BlackElo "2765"]
[Annotator "Sagar Shah/CB Website"]
[PlyCount "66"]
[EventDate "2015.12.04"]
[EventType "tourn"]
[EventRounds "9"]
[EventCountry "ENG"]
[EventCategory "22"]
[SourceTitle "CBM 170"]
[Source "ChessBase"]
[SourceDate "2016.01.15"]
[SourceVersion "1"]
[SourceVersionDate "2016.01.15"]
[SourceQuality "1"]

1. Nf3 {[%emt 0:00:03]} c5 {[%emt 0:00:03]} 2. c4 {[%emt 0:00:06]} Nc6 {
[%emt 0:00:02]} 3. Nc3 {[%emt 0:00:09]} e5 {[%emt 0:00:02]} 4. e3 {[%emt 0:00:
07]} Nf6 {[%emt 0:00:03]} 5. d4 {[%emt 0:00:08]} e4 {[%emt 0:00:03]} 6. d5 {
[%emt 0:00:07]} exf3 {[%emt 0:00:02]} 7. dxc6 {[%emt 0:00:06]} dxc6 {[%emt 0:
00:03]} 8. Qxd8+ {[%emt 0:00:11]} Kxd8 {[%emt 0:00:03]} 9. gxf3 {[%emt 0:00:09]
} Kc7 {[%emt 0:00:12]} 10. b3 {[%emt 0:00:32]} Be7 {[%emt 0:00:31]} 11. Bb2 {
[%emt 0:00:35]} Rd8 {[%emt 0:00:36] Both the players played quite quickly
until this point. After that Aronian sank into deep thought. Black stops 0-0-0.
Let us try to understand the various imbalances in the position. The position
somehow resembles the Berlin because Black's pawn majority on the queenside
doesn't seem so potent. White on the kingside has a working majority although
the pawns are doubled. Meanwhile Black's development is quite smooth. He can
develop his bishop to e6-f5 and connect the rooks. White has to figure out
where he would like to place his king. Let's see how the game proceeds.} 12. h4
$5 {[%emt 0:06:13] Planning to exchange the light squared bishops. Once the
bishops are exchanged the king would feel safer on e2.} g6 {[%emt 0:04:23]} 13.
Bh3 $6 {[%emt 0:05:38] This move seems logically fine but it doesn't help
White to get an advantage. After the game Levon suggested a better try was to
play Ne4!?} (13. Ne4 $5 Nxe4 14. fxe4 h5 15. Be5+ Bd6 16. Bc3 Be6 17. f4 $14 {
and it seems like White has something to bite on.}) 13... Bxh3 {[%emt 0:14:26]}
14. Rxh3 {[%emt 0:01:47]} Kd7 $1 {[%emt 0:14:08] A very strong maneuvre
underestimated by Aronian. The king stands excellently on e6.} 15. Rd1+ {
[%emt 0:11:57]} Ke6 {[%emt 0:00:40]} 16. Rxd8 {[%emt 0:03:26]} Bxd8 $5 {
[%emt 0:09:21]} (16... Rxd8 {would be a natural recapture but after} 17. Ke2 {
The rook has no entry points on the d-file and it has to anyway return to b8
to break on the queenside.}) 17. Ke2 {[%emt 0:00:42]} Rb8 {[%emt 0:03:16]
Black plans to break on the queenside with b5. If White takes it straightens
out the pawn structure and if he doesn't then bxc4 would give the black rook a
lot of activity.} 18. Nb1 {[%emt 0:12:20] Levon comes up with the idea to
defend c4 with his knight. But it loses time.} b5 {[%emt 0:13:36]} 19. Nd2 {
[%emt 0:00:06]} Ba5 {[%emt 0:00:08]} 20. Bxf6 {[%emt 0:05:41]} Bxd2 {[%emt 0:
00:08]} 21. Kxd2 {[%emt 0:01:24]} Kxf6 {[%emt 0:00:07]} 22. Kc3 {[%emt 0:00:04]
} bxc4 {[%emt 0:04:56]} 23. Rh1 {[%emt 0:09:36]} (23. Kxc4 Rd8 {[%csl Rh3]
Look at the poor guy on h3 completely out of the game.} 24. Kxc5 Rd2 25. a4
Rxf2 $11) (23. bxc4 Rb1 $1 $15) 23... cxb3 {[%emt 0:10:15]} 24. axb3 {[%emt 0:
00:09]} h5 {[%emt 0:08:23]} 25. Ra1 {[%emt 0:02:52]} g5 {[%emt 0:00:19]} 26.
hxg5+ {[%emt 0:00:04]} Kxg5 {[%emt 0:00:07]} 27. Rxa7 {[%emt 0:00:10]} Kg6 {
[%emt 0:00:31]} 28. Ra1 {[%emt 0:08:51]} h4 {[%emt 0:00:47]} 29. Kc4 {[%emt 0:
02:35]} Rb4+ {[%emt 0:02:39]} 30. Kxc5 {[%emt 0:00:09]} Rxb3 {[%emt 0:00:05]}
31. Kxc6 {[%emt 0:00:04]} Rb2 {[%emt 0:00:18]} 32. Rh1 {[%emt 0:00:09]} Rxf2 {
[%emt 0:00:15]} 33. Rxh4 {[%emt 0:00:06]} Rxf3 {[%emt 0:00:07] The players
agreed to a draw at this point and Anish joined the leaders at the top.}
1/2-1/2

[Event "Candidates Tournament"]
[Site "Moscow"]
[Date "2016.03.19"]
[Round "7"]
[White "Svidler, Peter"]
[Black "Caruana, Fabiano"]
[Result "1/2-1/2"]
[WhiteElo "2757"]
[BlackElo "2794"]
[Annotator "Sagar Shah/CB Website"]
[PlyCount "89"]
[EventDate "2016.03.11"]
[EventType "tourn"]
[EventRounds "14"]
[EventCountry "RUS"]
[EventCategory "22"]
[SourceTitle "CBM 172"]
[Source "ChessBase"]
[SourceDate "2016.05.12"]
[SourceVersion "1"]
[SourceVersionDate "2016.05.12"]
[SourceQuality "1"]

1. c4 {This was the third white game for Peter in the event. In the first one
he opened with 1.e4, while against Aronian he went 1.c4. Today he repeats the
English Opening.} c5 2. Nf3 Nf6 3. Nc3 Nc6 4. g3 d5 5. cxd5 Nxd5 {Fabiano has
had good success with black in this line, most notable being his win against
Topalov from the 2014 Sinquefield Cup.} 6. Bg2 g6 7. Ng5 $5 {This has been
played in eight encounters before this game, with the top game being Wang Yue
vs Ian Nepomniachtchi. But that was only a blitz.} (7. Ne4 {was an interesting
knight sortie tried in Li Chao vs Peter Leko.}) 7... e6 8. d3 (8. Nge4 Be7 9.
d3 O-O 10. Bh6 Re8 11. h4 $5 {1-0 (42) Agdestein,S (2560)-Polugaevsky,L (2575)
Haninge 1988}) 8... Bg7 9. Nge4 $146 (9. Bd2 {1/2 (61)-1/2 (61) Wang,Y (2723)
-Nepomniachtchi,I (2721) Beijing 2013}) 9... O-O (9... f5 10. Nxc5 $5 Nxc3 11.
bxc3 Bxc3+ 12. Bd2 Bxa1 13. Qxa1 O-O 14. h4 $5 {Even though White is an
exchange down and has no pawns to show for it, he has good compensation thanks
to the dark square weaknesses in Black's position.}) 10. h4 (10. Nxc5 Nxc3 11.
bxc3 Bxc3+ 12. Bd2 Bxa1 13. Qxa1 Nd4 $15 {White doesn't have enough
compenstation.}) 10... b6 $6 {[%cal Gb7b6] As Caruana said in the press
conference, this was not the most accurate move.} (10... f5 11. Nxc5 Nxc3 12.
bxc3 Bxc3+ 13. Bd2 Bxa1 14. Qxa1 Qd6 15. Qc3 $44) (10... h5 11. g4 $5 hxg4 12.
h5 {Using brute force to break through, but this may not be very good for
White.} f5 13. Nxd5 exd5 14. Nc3 Be6 15. hxg6 f4 $17) (10... h6 11. Nxc5 Nxc3
12. bxc3 Bxc3+ 13. Bd2 Bxa1 14. Qxa1 Nd4 (14... Qd4 15. Qxd4 Nxd4 16. Bxh6 $16)
15. O-O Nxe2+ 16. Kh2 Nd4 17. Bxh6 $44) 11. h5 Bb7 12. hxg6 hxg6 (12... fxg6 {
was necessary but to give the knight on e4 a permanent outpost is not
something that Black would like to do voluntarily.}) 13. Bh6 Nxc3 {Here
Svidler thought for 20 minutes, trying to understand whether he should take
back with the pawn or the knight.} (13... f5 {wouldn't make much sense as after
} 14. Bxg7 Kxg7 15. Qd2 fxe4 16. Qh6+ Kf6 17. Nxe4+ Ke7 18. Qxg6 $16 {White is
just better.}) 14. bxc3 $1 (14. Nxc3 {is also possible, but taking with the
pawn is stronger.}) 14... f5 (14... Bxh6 15. Rxh6 Ne5 16. Qd2 $16) 15. Qc1 $1 (
15. Qd2 $6 {This move is not the most accurate as e4-e3 would come with a
tempo.} fxe4 16. Bxg7 e3 $1 17. Qxe3 Kxg7 18. Qh6+ Kf6 $13) 15... fxe4 16. Bxg7
Kxg7 17. Qh6+ Kf6 (17... Kf7 18. Qh7+ Kf6 19. Qxb7 $16) 18. dxe4 Rh8 (18... Qe7
19. e5+ Kf7 (19... Kxe5 20. Qxg6 Kd6 21. Rh7 $18) 20. Be4 Nxe5 21. Qf4+ Qf6 22.
Rh7+ Kg8 23. Qxf6 Rxf6 24. Rxb7 $16) 19. e5+ $1 (19. Qf4+ Kg7 $19) 19... Kf7 (
19... Kxe5 20. Qf4#) (19... Nxe5 20. Qf4+) 20. Qf4+ Kg7 21. Rxh8 Qxh8 (21...
Kxh8 22. Qh6+ Kg8 23. Qxg6+ Kf8 24. Qh6+ Kg8 25. Qxe6+ $18) 22. O-O-O $1 Kg8
23. Rd7 {Threatens mate on f7, and b7 is also hanging.} Rf8 24. Qg4 (24. Qg5
Qh5 25. Qxh5 gxh5 26. Rxb7 Nxe5 27. f4 $16 {was also another good position
that White could have aimed for.}) 24... Qh6+ 25. f4 Re8 26. Rxb7 Nxe5 27. Qh3
Qxh3 28. Bxh3 $16 {And there we have it. Svidler has a technically better –
and you can even go to the extent of saying close to winning position. But the
problem with facing guys like Caruana is that they defend staunchly and never
really give up.} Nc4 29. Rxa7 e5 30. Bg2 (30. Ra4 $1 Ne3 (30... Nd6 31. Ra6 $16
) (30... b5 31. Bd7 $1 $18 {is the key point.}) 31. Re4 Nd5 32. Kc2 $16) 30...
Ne3 31. Bc6 Re6 32. Bb5 exf4 33. gxf4 Rf6 34. Kd2 Nf1+ 35. Kd3 Rxf4 {Another
key moment of the game. Svidler said that he regretted the fact that he didn't
play Rb7 here.} 36. e4 $6 (36. Rb7 Rf6 37. e4 Kf8 38. e5 Re6 39. Ke4 $18 {
with complete domination.}) 36... Ng3 37. e5 Rf3+ 38. Kc4 Ne4 {Things have
already started becoming tricky and White's advantage is no longer obvious.}
39. Bc6 Rxc3+ 40. Kb5 Re3 41. Kxb6 c4 42. Bd5+ Kh8 43. e6 (43. Bxc4 Nd2 44. Bf7
Rxe5 {should end in a draw.}) 43... c3 44. Rc7 g5 45. Bxe4 {Peter calls it a
day. It was really a close call for the American GM, who is having a real
topsy turvy tournament.} 1/2-1/2